000 00553nam a2200205Ia 4500
005 20250505145704.0
008 008 250505s9999 xx 000 0 eng d
037 _aTextbook
040 _aFML
_beng
_cFML
041 _aeng
_2eng
084 _aNA1,6 R3
_qFML
100 _aKeshav, Chandra
245 0 _aEvolution of Museum and Museology
260 _aNew Delhi , India
_bWriters World Pub.
_c2023
300 _a232p
365 _aINR
_b1745
650 _aMusic
942 _cTB
_hNA1,6 R3
999 _c1311430
_d1311430